00960nam a22002297a 450000500170000000800410001702000180005804000070007604100080008308200210009110000230011224500310013526000320016630000260019836500570022452001750028165000280045665000310048494200120051599900190052795201840054620251210160522.0240130b ||||| |||| 00| 0 eng d a9780099572862 cAL aeng 223a823.92bBOYB aJohn Boyne9248703 aBoy in the Striped Pyjamas aLondonbVintage Booksc2006 ax,223p.bPBc18x13cm. 2Englisha7389b319..00c₹d399.00e₹f24-01-2024 aDiscover an extraordinary tale of innocence, friendship and the horrors of war. 'Some things are just sitting there, minding their own business, waiting to be discovered. aEnglish Fiction9149294 aEnglish Literature9149295 2ddccBK c229687d229687 00102ddc40708ENGaALbALd2024-01-29eBiblios Book Point Surathkal Mangalore 575014g319.00l6m1o823.92 BOYBp077058r2026-01-06 11:38:35s2025-12-19v399.00w2024-01-30yBK